MARC

Tag First Indicator Second Indicator Subfields
LEADER 00000cam a2200000 a 4500
001 in00000027060
005 20230718113507.0
008 871130s1987 ja a b 101 0 eng d
019 |a 17155245  |a 17252760  |a 35486069  |a 79977051  |a 896552828  |a 946093081  |a 1035879233  |a 1139372346 
035 |a (OCoLC)ocm17152812  
035 |a (OCoLC)17152812  |z (OCoLC)17155245  |z (OCoLC)17252760  |z (OCoLC)35486069  |z (OCoLC)79977051  |z (OCoLC)896552828  |z (OCoLC)946093081  |z (OCoLC)1035879233  |z (OCoLC)1139372346 
035 |a (OCoLC)ocm17152812  
040 |a NAL  |b eng  |c TXA  |d OCL  |d NAL  |d OCL  |d OCLCQ  |d OCLCF  |d OCLCQ  |d OCLCO  |d OCL  |d OCLCO  |d OCLCA  |d CAI  |d OCLCQ  |d OCLCO 
050 4 |a TK7874  |b .S94 1987 
082 0 4 |a 621.38173 
088 |a 87TH0189-1 
111 2 |a Symposium on VLSI Technology  |n (7th :  |d 1987 :  |c Karuizawa, Japan) 
245 1 0 |a Digest of technical papers :  |b 1987 Symposium on VLSI Technology, May 18-21, 1987, Karuizawa /  |c [sponsored by] the IEEE Electron Devices Society [and] the Japan Society of Applied Physics. 
246 3 |a 1987 symposium on VLSI technology 
260 |a Tokyo, Japan :  |b Business Center for Academic Societies Japan ;  |a Piscataway, NJ :  |b IEEE Service Center Single Publication Sales Unit [distributor],  |c ©1987. 
300 |a 113 pages :  |b illustrations ;  |c 28 cm 
336 |a text  |b txt  |2 rdacontent 
337 |a unmediated  |b n  |2 rdamedia 
338 |a volume  |b nc  |2 rdacarrier 
504 |a Includes bibliographical references and index. 
650 0 |a Integrated circuits  |x Very large scale integration  |v Congresses. 
650 6 |a Circuits intégrés à très grande échelle  |v Congrès. 
650 7 |a Integrated circuits  |x Very large scale integration.  |2 fast  |0 (OCoLC)fst00975602 
655 7 |a Conference papers and proceedings.  |2 fast  |0 (OCoLC)fst01423772 
710 2 |a IEEE Electron Devices Society. 
710 2 |a Ōyō Butsuri Gakkai. 
710 2 |a Institute of Electrical and Electronics Engineers. 
948 |h HELD BY TXA - 22 OTHER HOLDINGS 
994 |a Z0  |b TXA 
999 f f |s a9d1543a-004d-3c6c-9705-cd908bcadb14  |i 0ce4adfa-b4d8-3d74-8826-376231131ef2  |t 0 
952 f f |p ric  |a Texas A&M University  |b Rellis Campus  |c Joint Library Facility  |s JLF  |d Remote Storage  |t 0  |e TK7874 .S96 1987  |h Library of Congress classification  |i unmediated -- volume  |m A14811668787